000 00802nam a2200265 a 4500
001 10573
003 BD-RjUL
005 20211208234958.0
008 140125s1985 pau 001 0 eng d
020 _a9971966654
020 _a9971966662
035 _a(BD-RjUL)10621
040 _aBD-RjUL
_beng
_cBD-RjUL
_dBD-RjUL
041 _aeng
082 _a539.721
_bNAQ 1985
_223
100 1 _aNanbu, Yōichirō,
_d1921-
_932682
245 1 0 _aQuarks :
_bfrontiers in elementary particle physics /
_cY. Nambu ; translated by R. Yoshida.
260 _aPhiladelphia :
_bWorld Scientific,
_cc1985.
300 _axi, 228 p. :
_bill. ;
_c21 cm.
500 _aIncludes index.
650 0 _aParticles (Nuclear physics)
_932683
650 0 _aQuarks.
_928457
700 _aYoshida, R.
_9199557
942 _2ddc
_cBK
_01
999 _c10573
_d10573